| 000 | 00694pam a2200205 4500 | ||
|---|---|---|---|
| 001 | 7174 | ||
| 005 | 20181127183053.0 | ||
| 008 | 971114s1998 enka b 001 0 eng | ||
| 010 | _a 97046541 | ||
| 020 | _a0471981494 (alk. paper) | ||
| 020 | _a0471981664 (alk. paper) | ||
| 082 | 0 | 0 |
_a363.72/8/0941 _221 |
| 100 | 1 | _aWilliams, Paul T. | |
| 245 | 1 | 0 |
_aWaste treatment and disposal / _cPaul T. Williams. |
| 260 |
_aChichester ; _aNew York : _bWiley, _cc1998. |
||
| 300 |
_axi, 417 p. : _bill. ; _c25 cm. |
||
| 504 | _aIncludes bibliographical references and index. | ||
| 650 | 0 |
_aRefuse and refuse disposal _xGovernment policy _zGreat Britain. |
|
| 650 | 0 |
_aRefuse and refuse disposal _zGreat Britain. |
|
| 999 |
_c6100 _d6100 |
||